FAMOUS PERSONS IN INDIA - Statistics

General Stats
  • This quiz has been taken 348 times
  • The average score is 5 of 15
Answer Stats
Hint Answer % Correct
FATHER OF NATION MAHATMA GANDHI
94%
1ST PM JAWAHARLAL NEHRU
85%
1ST PM WOMEN INDIRA GANDHI
83%
MASTER BLASTER SACHIN TENDULKAR
70%
15TH PM NARENDRA MODI
34%
2ND PM LAL BAHADUR SHASTRI
28%
ANGRY YOUNG MAN AMITABH BACHCHAN
25%
7TH PM RAJIV GANDHI
15%
THE SHOW MAN RAJ KAPOOR
14%
NORAH JONES RAVI SHANKAR
7%
ANITA BOSE PFAFF SUBHASH CHANDRA BOSE
6%
A BETTER INDIA A BETTER WORLD N.R. NARAYANA MURTHY
1%
JANA GANA MANA RABINDRANTH TAGORE
1%
DEVI UMA RAM MOHAN ROY
1%
SCOTTTISH CHURCH COLLEGE SWAMI VIVEKANANDA
1%
No matching quizzes found
Score Distribution
Percent of People with Each Score
Percentile by Number Answered
Your Score History
You have not taken this quiz